00350 a2200109 4500001001000000005001700010008004100027245006200068100002500130773006800155999001700223ART_4566120260410161808.0260409a 10a¿Y si probamos con las sociedades anónimas deportivas?1 aCamerini, Marcelo A.0 tDoctrina Societaria y Concursalg- Nº 364 (mar. 2018)wREV4298 c21224d21224